Paisaje fisiográficos de la Orinoquia-Amazonia (Oram) Colombia (Registro nro. 588)
[ vista simple ]
| 000 -CABECERA | |
|---|---|
| Campo de control | 01193nam a2200337 a 4500 |
| 005 - FECHA Y HORA DE LA ULTIMA TRANSACCION | |
| Campo de control | 20160129020002.0 |
| 008 - ELEMENTOS DE LONGITUD FIJA—INFORMACION GENERAL | |
| Campo de control | 140221b1999 ck ||||| |||| 00| 0 spa d |
| 020 ## - ISBN | |
| ISBN | 01208551 |
| 040 ## - FUENTE DE CATALOGACIÓN | |
| Agencia catalogadora original | CO-BoIAVH |
| Agencia transcriptora | CO-BoIAVH |
| 041 0# - IDIOMA | |
| Código de idioma para texto/pista de sonido o título separado | Español |
| 044 ## - PAÍS DE PUBLICACIÓN | |
| País de publicación | Colombia |
| 082 04 - NUMERO DE CLASIFICACION DECIMAL DEWEY | |
| Número de clasificación | 918 |
| Número del ítem | I24p |
| 090 ## - CLASIFICACIÓN LOCAL | |
| Colección | LB |
| Consecutivo | 00570 |
| 110 ## - ASIENTO PRINCIPAL--NOMBRE CORPORATIVO | |
| Unidad subordinad | Instituto Geográfico Agustín Codazzi |
| 9 (RLIN) | 39548 |
| 245 ## - MENCION DE TITULO | |
| Título | Paisaje fisiográficos de la Orinoquia-Amazonia (Oram) Colombia |
| 260 ## - PUBLICACION, DISTRIBUCION, ETC. (PIE DE IMPRENTA) | |
| Lugar de publicación, distribución, etc. | Bogotá |
| Nombre del editor, distribuidor, etc. | IGAC |
| Fecha de publicación, distribución, etc. | 1999 |
| 300 ## - DESCRIPCION FISICA | |
| Extensión | 361 páginas |
| Otros detalles físicos | mapas |
| Dimensiones | 28 cm. |
| Material acompañante | 7 mapas |
| 500 ## - NOTA GENERAL | |
| Nota general | Incluye glosario.<br/>Incluye listados de tablas, figuras, anexos y fotografías. |
| 504 ## - NOTA DE BIBLIOGRAFIA, ETC. | |
| Nota de bibliografía | Incluye referencias bibliográficas (Páginas 297-317). |
| 505 ## - NOTA DE CONTENIDO | |
| Nota de contenido | Cap. 1 Bioclima e hidrología.<br/>Cap. 2 Geología y fisiografía.<br/>Cap. 3 Fauna y vegetación.<br/> |
| 590 ## - NOTA LOCAL | |
| Nota local | Anexos 7 mapas. |
| 650 #4 - ASIENTO SECUNDARIO DE MATERIA - TERMINO TEMATICO | |
| Término temático o nombre geográfico como elemento de entrada | Ecología del paisaje |
| Subdivisión de forma | Cartografía |
| 9 (RLIN) | 39549 |
| 650 #6 - ASIENTO SECUNDARIO DE MATERIA - TERMINO TEMATICO | |
| Término temático o nombre geográfico como elemento de entrada | Fisiografía |
| Subdivisión de forma | Cartografía |
| 9 (RLIN) | 39550 |
| 650 #4 - ASIENTO SECUNDARIO DE MATERIA - TERMINO TEMATICO | |
| Término temático o nombre geográfico como elemento de entrada | Clima |
| Subdivisión de forma | Cartografía |
| 9 (RLIN) | 39551 |
| 650 #6 - ASIENTO SECUNDARIO DE MATERIA - TERMINO TEMATICO | |
| Término temático o nombre geográfico como elemento de entrada | Geología |
| 9 (RLIN) | 39552 |
| 650 #6 - ASIENTO SECUNDARIO DE MATERIA - TERMINO TEMATICO | |
| Término temático o nombre geográfico como elemento de entrada | Hidrología |
| Subdivisión de forma | Cartografía |
| 9 (RLIN) | 39553 |
| 650 #6 - ASIENTO SECUNDARIO DE MATERIA - TERMINO TEMATICO | |
| Término temático o nombre geográfico como elemento de entrada | Fauna |
| 9 (RLIN) | 39554 |
| 650 #4 - ASIENTO SECUNDARIO DE MATERIA - TERMINO TEMATICO | |
| Término temático o nombre geográfico como elemento de entrada | Vegetación |
| Subdivisión de forma | Cartografía |
| 9 (RLIN) | 39555 |
| 662 ## - ASIENTO SECUNDARIO DE MATERIA - JERARQUIA DEL NOMBRE DE LUGAR( | |
| País o entidad mayor | Colombia |
| 942 ## - ELEMENTOS ADICIONALES (KOHA) | |
| Tipo de ítem | Libro |
| Sistema de clasificación | Dewey Decimal Classification |
| Koha issues (borrowed), all copies | 13 |
| Withdrawn status | Lost status | Sistema de Clasificación | Damaged status | No para préstamo | Colección | Inventariado | Ubicación Permanente | Ubicación actual | Fecha de adquisición | Fuente de Valor | Total Checkouts | Total Renewals | Número topográfico | Inventario / Código de Barras | Date last seen | Date checked out | Ejemplar | Price effective from | Tipo de material | Public note | Valor |
|---|---|---|---|---|---|---|---|---|---|---|---|---|---|---|---|---|---|---|---|---|---|
| Local | General | Inventariado 2017 | Bogotá | Bogotá | 22/01/1998 | Rudas, Guillermo | 3 | 2 | MC | 000833 | 17/01/2019 | 06/11/2018 | Ej. 1 | 04/12/2012 | Mapa | Transectos fisiográficos | |||||
| Local | General | Inventariado 2017 | Bogotá | Bogotá | 22/01/1998 | Rudas, Guillermo | 2 | 1 | MC | 000834 | 17/01/2019 | 06/11/2018 | Ej. 1 | 04/12/2012 | Mapa | Transectos fisiográficos | |||||
| Local | General | Inventariado 2017 | Bogotá | Bogotá | 22/01/1998 | Rudas, Guillermo | 4 | 1 | MC | 000835 | 17/01/2019 | 06/11/2018 | Ej. 1 | 04/12/2012 | Mapa | Mapa de vegetación Orinoquia - Amazonia Colombiana | |||||
| Local | General | Inventariado 2017 | Bogotá | Bogotá | 22/01/1998 | Rudas, Guillermo | 4 | 1 | MC | 000836 | 17/01/2019 | 06/11/2018 | Ej. 1 | 04/12/2012 | Mapa | Mapa Geológico Orinoquia - Amazonia Colombiana | |||||
| Local | General | Inventariado 2017 | Bogotá | Bogotá | 22/01/1998 | Rudas, Guillermo | 3 | 1 | MC | 000837 | 17/01/2019 | 06/11/2018 | Ej. 1 | 04/12/2012 | Mapa | Mapa de paisajes fisiográficos Orinoquia - Amazonia Colombiana | |||||
| Local | General | Inventariado 2017 | Bogotá | Bogotá | 22/01/1998 | Rudas, Guillermo | 4 | 1 | MC | 000838 | 17/01/2019 | 06/11/2018 | Ej. 1 | 04/12/2012 | Mapa | Mapa de paisajes fisiográficos Orinoquia - Amazonia Colombiana | |||||
| Local | General | Inventariado 2017 | Bogotá | Bogotá | 22/01/1998 | Rudas, Guillermo | 2 | 1 | MC | 000839 | 17/01/2019 | 06/11/2018 | Ej. 1 | 04/12/2012 | Mapa | Mapa de áreas muestra, transectos y unidades climáticas proyecto ORAM | |||||
| Local | General | Inventariado 2017 | Bogotá | Bogotá | 22/01/1998 | Rudas, Guillermo | 7 | 1 | LB-918 I24p | 008448 | 29/07/2020 | 05/06/2019 | Ej. 1 | 04/12/2012 | Libro | Incluye material cartográfico (7) | 39000.00 |